Statistics for General Knowledge Quiz #45

Click here to take the quiz!

General Stats

  • This quiz has been taken 161,972 times
    (43,943 since last reset)
  • The average score is 13 of 20

Answer Stats

QuestionAnswer% Correct
What animated Disney movie featured an elephant with big ears?Dumbo
96%
What type of cheese is most commonly used on pizza?Mozzarella
96%
What company bought Instagram for $1 billion in 2012?Facebook
95%
What well-known flag has five rings on it?The Olympic Flag
92%
What actor won a $10 million judgement in 2022 after suing ex-wife Amber Heard
for defamation?
Johnny Depp
91%
In which U.S. state is Pearl Harbor located?Hawaii
85%
What's either a type of flower or part of your eye?Iris
80%
Although not current, what is the most well-known scale for measuring
earthquake intensity?
Richter
80%
What is the second element in the periodic table?Helium
78%
What Spanish island has 3 of the world's top 10 night clubs, according to DJ Mag?Ibiza
73%
What movie character fought in Vietnam, played ping pong, and ran across America?Forrest Gump
72%
What family was Juliet from in the play "Romeo and Juliet"?Capulet
65%
What modern-day animal did the extinct Mastodon most closely resemble?Elephants
64%
What company could be described as the European equivalent of Boeing?Airbus
47%
What is the westernmost national capital in the Americas?Mexico City
41%
Who was sentenced to death in 399 BC for impeity and corrupting the youth of Athens?Socrates
40%
On which day of the year does Bastille Day occur?July 14
38%
What Z word is the antonym of nadir?Zenith
38%
There are 14 eight-thousanders in the world. Among these 14, which one is nearest
to being a nine-thousander?
Mt. Everest
25%
Who is the patron saint of lost causes?
St. Jude /
St. Rita
16%

Score Distribution

Percentile by Number Answered

Percent of People with Each Score

Your Score History

You have not taken this quiz since the last reset